• 首页
  • 本馆介绍
  • 公告通知
  • 最新文献
  • 馆藏检索
  • 电子资源
  • 读者导购
  • 参考咨询
  • 我的图书馆
  • 登录
  • 详细信息显示
  • 放入我的书架
  • 预约/预借图书
  • 作者相关作品
  • 分类相关作品
  • 丛书相关作品
  • 出版社相关作品

书目信息

  • 表格格式
  • 工作单格式
  • 卡片格式
题名:
200种常见园林植物病虫害防治技术
    
 
作者: 吕玉奎 编著
分册:  
出版信息: 北京   化学工业出版社  2016
页数: 311页, [16] 页图版
开本: 20cm
丛书名:
单 册:
中图分类: S436.8
科图分类:
主题词: 园林植物--Yuan Lin Zhi Wu--病虫害防治
电子资源:
ISBN: 978-7-122-26153-3
000 00955nam0 2200253 450
001 012001002042
005 20131109155142.0
010    @a978-7-122-26153-3@dCNY38.00
099    @aCAL 012016053737
100    @a20160312d2016 em y0chiy50 ea
101 0  @achi
102    @aCN@b110000
105    @aaf a 000yy
106    @ar
200 1  @a200种常见园林植物病虫害防治技术@A200 Zhong Chang Jian Yuan Lin Zhi Wu Bing Chong Hai Fang Zhi Ji Shu@f吕玉奎等编著
210    @a北京@c化学工业出版社@d2016
215    @a311页, [16] 页图版@c图@d20cm
320    @a有书目
330    @a本书在概述园林昆虫与园林植物病害知识的基础上, 详细介绍了4大类、33小类、150种常见园林植物害虫和3大类、20小类、50种常见园林植物病害的识别与防治技术, 并对园林植物病虫害防治常用农药作了简要介绍。
606 0  @a园林植物@AYuan Lin Zhi Wu@x病虫害防治
690    @aS436.8@v5
701  0 @a吕玉奎@ALv Yukui@4编著
801  0 @aCN@b北京卓展@c20191020
905    @b1199484-7@dS436.8@e159@f4
    
    200种常见园林植物病虫害防治技术/吕玉奎等编著.-北京:化学工业出版社,2016
    311页, [16] 页图版:图;20cm
    
    
    ISBN 978-7-122-26153-3:CNY38.00
    本书在概述园林昆虫与园林植物病害知识的基础上, 详细介绍了4大类、33小类、150种常见园林植物害虫和3大类、20小类、50种常见园林植物病害的识别与防治技术, 并对园林植物病虫害防治常用农药作了简要介绍。
●
相关链接 在E读中查询图书 在五车中查询图书 在当当中查询图书 在豆瓣中查询图书


正题名:200种常见园林植物病虫害防治技术     索取号:S436.8/159         预约/预借

序号 登录号 条形码 馆藏地/架位号 状态 备注
1 1199484   211994840   第二样本阅览室/ [索取号:S436.8/159] 在馆    
2 1199485   211994859   第三借阅区/ [索取号:S436.8/159] 在馆    
3 1199486   211994868   第三借阅区/ [索取号:S436.8/159] 在馆    
4 1199487   211994877   第三借阅区/ [索取号:S436.8/159] 在馆    
唐山师范学院图书馆 欢迎您!
大连网信软件有限公司© 版权所有